000 01180cam a22003737a 4500
003 CHAP
005 20220329133410.0
008 971013s1988 r 00010 d
010 _a5921
011 _a6893
035 _a6116
040 _cCHAP
082 _a614.31
_bS5 1988
100 0 0 _aSmith, G. C.
_9107011
245 0 _aLaboratory manual for meat science
250 _a4ed.
260 _aBoston :
_bAmerican Press,
_c1988
300 _a444 p.
_b: ilus.
590 _aBATCH-UPD
_b10
_c20130109
_lUCH01
_h2346
590 _aBATCH-UPD
_b10
_c20130110
_lUCH01
_h0201
590 _aBATCH-UPD
_b10
_c20130110
_lUCH01
_h1736
590 _aBATCH-UPD
_b10
_c20130410
_lUCH01
_h1117
590 _aBATCH-UPD
_b10
_c20130914
_lUCH01
_h0846
590 _aCONVERSION
_b10
_c20130109
_lUCH01
_h1304
650 1 4 _aCarne de borrego en canal.
_919123
650 1 4 _aCarne de puerco en canal.
_919188
650 1 4 _aCarne de res en canal.
_919223
650 1 4 _aCarne
_xCortes.
_919076
650 1 4 _aCarne
_xInspección.
_919087
650 1 4 _aCarne
_xNormas de calidad.
_919103
901 _aBK
942 _cLIBRO
949 _a614.31 S5 1988
_bBC
_cLIBRO
_d33724000281051
_eLIBRO
_h82505
_i6116
_si
_t98.00
999 _c5921
_d5921